Every Monster Energy Flavor 2025 - Statistics

General Stats
  • This quiz has been taken 161 times
  • The average score is 7 of 29
Answer Stats
Category Answer % Correct
Ultra Ultra Zero "White Monster"
83%
Original Original
67%
Juice Mango Loco
63%
Juice Pipeline Punch
43%
Original Monster Energy Zero Sugar
31%
Juice Pacific Punch
28%
Ultra Strawberry Dreams
27%
Ultra Watermelon
26%
Juice Bad Apple
25%
Ultra Paradise
24%
Juice Rio Punch
24%
Juice Viking Berry
23%
Ultra Violet
23%
Ultra Vice Guava
21%
Ultra Peachy Keen
20%
Juice Khaotic
19%
Ultra Blue Hawaiian
18%
Ultra Sunrise
17%
Ultra Fantasy Ruby Red
14%
Rehab Green Tea
11%
Original Lo-Carb
11%
Original/Nitro Nitro Super Dry
10%
Rehab Peach Tea
10%
Ultra Wild Passion
10%
Original/Reserve Orange Dreamsicle
8%
Rehab Tea + Lemonade
8%
Original Electric Blue
6%
Original/Reserve Peaches n'Creme
5%
Rehab Wild Berry Tea
5%
No matching quizzes found
Score Distribution
Percent of People with Each Score
Percentile by Number Answered
Your Score History
You have not taken this quiz